La ley contra el bioterrorismo

Na minha lista:
Detalhes bibliográficos
Formato: Livro
Idioma:espanhol
Publicado em: San José IICA 2003
Assuntos:
Tags: Adicionar Tag
Sem tags, seja o primeiro a adicionar uma tag!

MARC

LEADER 00000cam a2200000 a 4500
001 UCD2586
003 CL-VaPUC
008 160505e20030000cr |||||||||||||||||spa|d
020 |a 9290395850 
082 0 4 |a 382.41  |b LEY  |2 21 
245 1 3 |a La ley contra el bioterrorismo 
246 1 3 |a Lo que un exportador agroalimentario debe conocer sobre la ley contra el bioterrorismo 
300 |a 42 p 
942 |c BK 
945 |d 20160505 16:04:00  |a cmena 
260 |a San José  |b IICA  |c 2003 
650 0 |a Comercio exterior  |9 257617 
650 0 |a Industria agrícola   |9 264819 
650 0 |a Terrorismo   |9 255070 
650 7 |a EXPORTACIONES  |2 CL-VaPUC  |9 255382 
583 |a last modification  |c 20160505 16:04:00  |k Rodrigo Vera 
999 |c 363739  |d 363737 
952 |0 0  |1 0  |3 erb  |4 0  |6 382_410000000000000_LEY_2003  |7 0  |8 A  |9 476415  |a BIBAGR  |b BIBAGR  |i 5282896  |o 382.41 LEY 2003  |p 5282896  |r 2024-01-30  |w 2019-11-24  |y BK  |z Catalogado en:20160505  |k AGR